000 03343nam a22002057a 4500
005 20260116100800.0
006 a|||||r|||||||||||
008 260116s |||||||| |||| 00| ||gre d
020 _a9786185131609
040 _aGR-ThMCL
_bgre
_dGR-ThMCL
_eAACR2
245 1 0 _aΨηφιακό Μάρκετινγκ:
_bΑπό τη Θεωρία στην Πράξη/
_cΜάρω Βλαχοπούλου
260 _aΑθήνα:
_bRosili,
_c2020
300 _a569 σ.:
_bεικ;
504 _aΣτόχος αυτού του βιβλίου είναι να βοηθήσει τους επαγγελματίες του χώρου, επιχειρηματίες, στελέχη και φοιτητές προπτυχιακών και μεταπτυχιακών σπουδών να καταλάβουν τι είναι το Ψηφιακό Μάρκετινγκ, πώς λειτουργεί και πώς μπορεί να τους βοηθήσει να βελτιστοποιήσουν την εκστρατεία μάρκετινγκ αξιοποιώντας τις προκλήσεις, τεχνικές και εργαλεία του ΨΜ. Κάθε ενότητα έχει το θεωρητικό υπόβαθρο για την κατανόηση και στη συνέχεια παρουσιάζει εφαρμογές, τεχνικές και εργαλεία, επικεντρώνοντας σε πρακτικές εφαρμογές. Ειδικότερα, το βιβλίο αυτό παρουσιάζει με παραδείγματα, εφαρμογές, τεχνικές και εργαλεία τα επιμέρους θέματα που απασχολούν μια πετυχημένη στρατηγική ΨΜ. Μερικά από τα κύρια θέματα που συζητά είναι: Παρουσίαση παραγόντων που επηρεάζουν το Online & Mobile shopping & την αγοραστική συμπεριφορά μέσα από τα κοινωνικά μέσα. Οδηγίες για τον σχεδιασμό & ανάπτυξη της διαδικτυακής παρουσίας Κατανόηση της Βελτιστοποίησης για Μηχανές Αναζήτησης SEO/SEM και δημιουργία σχετικών εκθέσεων για συγκεκριμένες σελίδες. Διαχείριση καμπάνιας μάρκετινγκ επί πληρωμή σε μηχανές αναζήτησης. Εξοικείωση με διάφορες μορφές μέσων & τεχνικών ψηφιακής προβολής με παραδείγματα εφαρμογών. Μορφές προβολής ηλεκτρονικού ταχυδρομείου. Μεθόδους και τεχνικές προσωποποίησης & συστάσεων. Θεωρητική και Πρακτική προσέγγιση των κοινωνικών μέσων. Κινητό ΜΚΤ - κινητές εφαρμογές & Mobile marketing/advertising/apps. Διαδικασίες και τεχνικές Αναλυτικής διαδικτύου. Παρουσίαση δυνατοτήτων & ευκαιριών έρευνας σε ψηφιακό περιβάλλον.
600 1 0 _95552
700 1 _aΒλαχοπούλου Μάρω
_4070
_95552
942 _cBK
999 _c10060
_d10060